Spirit of India: columes presented to Shrimati Indira Gandhi (Record no. 354863)

000 -LEADER
fixed length control field 00458cam a22001337a 4500
008 - FIXED-LENGTH DATA ELEMENTS--GENERAL INFORMATION
fixed length control field 180718b1975 xxu||||| |||| 00| 0 eng d
082 ## - DEWEY DECIMAL CLASSIFICATION NUMBER
Classification number A99 G1512/Sp48
245 ## - TITLE STATEMENT
Title Spirit of India: columes presented to Shrimati Indira Gandhi
Statement of responsibility, etc. by the Indira Gandhi Abhinandan Samiti
260 ## - PUBLICATION, DISTRIBUTION, ETC.
Place of publication, distribution, etc. Bombay
Name of publisher, distributor, etc. Asia
Date of publication, distribution, etc. 1975
300 ## - PHYSICAL DESCRIPTION
Extent 4.vols
500 ## - GENERAL NOTE
General note vols.3 in Hindi & Vol. 4 in Urdu
650 ## - SUBJECT ADDED ENTRY--TOPICAL TERM
Topical term or geographic name entry element Gandhi, Indira, 1917-1984
700 ## - ADDED ENTRY--PERSONAL NAME
Personal name The Indira Gandhi Abhinandan Samiti
Holdings
Withdrawn status Lost status Damaged status Not for loan Permanent Location Current Location Date acquired Full call number Barcode Date last seen Price effective from Koha item type
        Indian Institute of Public Administration Indian Institute of Public Administration 1993-12-14 A99 G1512/Sp48 50914 2018-07-21 2018-07-21 Book
        Indian Institute of Public Administration Indian Institute of Public Administration 1993-12-14 A99 G1512/Sp48 50913 2018-07-21 2018-07-21 Book
        Indian Institute of Public Administration Indian Institute of Public Administration 1993-12-14 A99 G1512/Sp48 50912 2018-07-21 2018-07-21 Book
        Indian Institute of Public Administration Indian Institute of Public Administration 1993-12-14 A99 G1512/Sp48 50911 2018-07-21 2018-07-21 Book

Powered by Koha